| 000 | 01032cam a22003011a 4500 | ||
|---|---|---|---|
| 001 | 016548199 | ||
| 003 | EG-ScBUE | ||
| 005 | 20221101101516.0 | ||
| 008 | 131107t2014 enkeo f b 001 0 eng d | ||
| 020 | _a9781780670898 | ||
| 040 |
_aStDuBDS _beng _erda _cStDuBDS _dUk _dEG-ScBUE |
||
| 082 | 0 | 4 |
_a721.04 _bBEL _222 |
| 100 | 1 |
_aBell, Victoria Ballard, _eauthor. _937544 |
|
| 245 | 1 | 0 |
_aMaterials for architectural design. _n2 / _cVictoria Ballard Bell and Patrick Rand. |
| 264 | 1 |
_aLondon : _bLaurence King Publishing Ltd, _c[2014] |
|
| 264 | 4 | _cc2014 | |
| 300 |
_a272 pages : _bplans, photographs ; _c28 cm |
||
| 336 |
_2rdacontent _atext _btxt |
||
| 337 |
_2rdamedia _aunmediated _bn |
||
| 338 |
_2rdacarrier _avolume _bnc |
||
| 504 | _aIncludes bibliographical references and index. | ||
| 650 | 7 |
_aBuilding materials. _2BUEsh _918903 |
|
| 650 | 7 |
_aArchitectural design. _2BUEsh _93345 |
|
| 653 |
_bENGARC _cMarch2015 |
||
| 655 | _vReading book | ||
| 700 | 1 |
_aRand, Patrick, _d1950- _eauthor. _937545 |
|
| 942 |
_2ddc _k721.04 BEL _cBB |
||
| 999 |
_c19140 _d19112 |
||